000 01388cam a2200361 4500
008 030113n2002 000 0 eng u
020 _a1900648172
035 _a(Sirsi) u120973
041 _aeng.
050 _a333.72
_c18
100 _aGoodman, Sally
_xEditor
245 _aGuide to environmental management law and practice 2002
260 _aCambridge
_bWorkplace Law
_c2002
300 _a324p.
_c21cm.
350 _a49.50
520 _aAimed at facilities and property managers, this guide is intended as a first point of reference for the majority of environmetnal management legal issues. Includes chapters covering: contaminated land and brownfield development; air quality; asbestos management; energy management; water quality; hazardous substances; and waste management.
650 _aENVIRONMENTAL MANAGEMENT SYSTEMS
650 _aFACILITIES MANAGEMENT
_96240
650 _aProperty management
_96262
650 _aENVIRONMENTAL MANAGEMENT
650 _aMANAGEMENT-HEALTH AND SAFETY-HAZARDOUS SUBSTANCES-ASBESTOS
650 _aAIR QUALITY
650 _aENERGY MANAGEMENT
650 _aHAZARDOUS SUBSTANCES
650 _aCONTAMINATED LAND
650 _aBROWNFIELD DEVELOPMENT
650 _aWASTE MANAGEMENT
650 _aPACKAGING
650 _aNOISE
690 _aENVIRONMENT-MANAGEMENT
700 _aStranger, Casella
_xEditor
942 _n0
999 _c102583
_d102583